| 000 | 00722nam a22002417a 4500 | ||
|---|---|---|---|
| 003 | UA-OsUOA | ||
| 001 | 124130 | ||
| 007 | ta | ||
| 008 | 20170731b un ||||| |||| 00| 0 ukr d | ||
| 100 | _aМанна А. К. | ||
| 090 |
_a343.3/.7:343.24 _bМ23 |
||
| 942 | _cBK | ||
| 040 |
_aUA-OsUOA _brus _cUA-OsUOA _dUA-OsUOA |
||
| 245 |
_aПреступление и наказание по мусульманскому праву _bучебное пособие |
||
| 300 | _a88 с. | ||
| 955 | _a2 | ||
| 041 | _arus | ||
| 080 | _a343.3/.7:343.24 | ||
| 020 | _a978-5-209-02690-7 | ||
| 260 |
_aМ. _bРУДН _c2007 |
||
| 650 | 7 |
_a343 Кримінальне право. Карні порушення _2UDC |
|
| 999 |
_c411360 _d411360 |
||